[Event "KEN-chT"]
[Site "Nairobi"]
[Date "2019.05.19"]
[Round "15.1"]
[White "Mable, Kawa"]
[Black "Omuya, Shadrack"]
[Result "0-1"]
[WhiteElo "1384"]
[BlackElo "1582"]
[PlyCount "98"]
[EventDate "2019.02.09"]
[EventType "team-tourn"]
[EventRounds "27"]
[EventCountry "KEN"]
[SourceTitle "CBM 192 Extra"]
[Source "Chessbase"]
[SourceDate "2019.11.06"]
[SourceVersion "1"]
[SourceVersionDate "2019.11.06"]
[SourceQuality "1"]
[WhiteTeam "Knight Riders"]
[BlackTeam "Eastlands"]
[WhiteTeamCountry "KEN"]
[BlackTeamCountry "KEN"]

1. d4 e6 2. Bf4 Nf6 3. e3 d5 4. Nf3 Be7 5. Be2 c5 6. c3 a6 7. Ne5 Qb6 8. Qa4+ Nc6 9. Qb3 Qa5 10. 0-0 0-0 11. Bd1 Qd8 12. Nd2 Nd7 13. Qc2 Ndxe5 14. dxe5 f6 15. Nf3 fxe5 16. Bxe5 Rxf3 17. Bxf3 Nxe5 18. Be2 c4 19. f4 Ng6 20. Rad1 Qb6 21. Rf3 Bc5 22. Qc1 Nxf4 23. Kf1 Nxe2 24. Kxe2 Bd7 25. Rdf1 Be8 26. Qd2 Bh5 27. Ke1 Bxf3 28. Rxf3 Rf8 29. Rh3 Rf6 30. Qe2 h6 31. g4 e5 32. g5 Rg6 33. Qg4 Qe6 34. Qxe6+ Rxe6 35. gxh6 Rxh6 36. Rxh6 gxh6 37. Ke2 Kf7 38. Kf3 Kf6 39. e4 d4 40. cxd4 exd4 41. Ke2 Ke5 42. b3 d3+ 43. Kd1 c3 44. b4 Be3 45. Ke1 c2 46. Kf1 Kf4 47. Kg2 c1Q 48. Kh3 Qg1 49. b5 Qg4# 0-1

[Event "All Africa Games Kenya qual (Women)"]
[Site "Nairobi"]
[Date "2019.02.01"]
[Round "1.5"]
[White "Mable, Kawa"]
[Black "Ngima, Cheryl"]
[Result "0-1"]
[WhiteElo "1384"]
[BlackElo "1257"]
[PlyCount "64"]
[EventDate "2019.02.01"]
[EventType "swiss"]
[EventRounds "6"]
[EventCountry "KEN"]
[SourceTitle "EXT 2024"]
[Source "ChessBase"]
[SourceDate "2023.10.10"]
[SourceVersion "1"]
[SourceVersionDate "2023.10.10"]
[SourceQuality "1"]

1. e4 c5 2. Nf3 e6 3. d4 cxd4 4. Nxd4 a6 5. c3 Nc6 6. Be3 Nf6 7. Bd3 Ne5 8. Nf3 Nxd3+ 9. Qxd3 d6 10. e5 Nd5 11. 0-0 Nxe3 12. Qxe3 Be7 13. Rd1 Qc7 14. Qf4 dxe5 15. Qxe5 Qxe5 16. Nxe5 0-0 17. Nd7 Rd8 18. Na3 Bxd7 19. Nc4 Bc6 20. Nb6 Rxd1+ 21. Rxd1 Rd8 22. Re1 g6 23. h3 Bc5 24. Nc4 Bd5 25. Rd1 Be7 26. b3 Bxc4 27. Rxd8+ Bxd8 28. bxc4 Ba5 29. Kf1 Bxc3 30. Ke2 Bb4 31. Kd3 b5 32. cxb5 axb5 0-1